000 00567nam a2200193 4500
005 20241024143851.0
010 _aENG-142422
020 _c595.00
_a9788129137562
035 _aEN-125954
037 _bDBAD
082 _a333.954
100 _aAnsari, M. Hamid
_973387
245 _aCitizen and Society/
_bM. Hamid Ansari
250 _aFirst
260 _bRupa Publications India Pvt. Ltd.
_aNew Delhi
_c2016
270 _a7/16, Ansari Road, Daryaganj
_bNew Delhi
_e110002
300 _a323p.
_c24cm(hb)
942 _2ddc
_cEN
_h333.954
_mANS
_e2016
999 _c206707
_d206707